3D σχεδίαση και υπολογισμοί με το Rhino 3D
Αποθηκεύτηκε σε:
| Κύριος συγγραφέας: | |
|---|---|
| Μορφή: | Βιβλίο |
| Γλώσσα: | Greek |
| Δημοσίευση: |
Αθήνα :
DaVinci,
c2014.
|
| Θέματα: | |
| Ετικέτες: |
Προσθήκη ετικέτας
Δεν υπάρχουν, Καταχωρήστε ετικέτα πρώτοι!
|
MARC
| LEADER | 00000nam a2200000 a 4500 | ||
|---|---|---|---|
| 001 | 1/113731 | ||
| 008 | 170427s2014####gr | ||| |||| ||gre|| | ||
| 020 | |a 9789609732086 | ||
| 040 | |a GR-MyUa |b gre |c GR-MyUa |e AACR2 | ||
| 041 | 0 | |a gre | |
| 082 | 7 | |a 006.693 |2 (23) | |
| 100 | 1 | |a Κώστας, Κωνσταντίνος Β. | |
| 245 | 1 | 0 | |a 3D σχεδίαση και υπολογισμοί με το Rhino 3D / |c Κωνσταντίνος Β. Κώστας. |
| 260 | |a Αθήνα : |b DaVinci, |c c2014. | ||
| 300 | |a 513 σ. ; |c 24 εκ. | ||
| 504 | |a Βιβλιογραφία: σ . 513. Ευρετήριο. | ||
| 630 | 0 | 0 | |a Rhino (Computer file) |
| 650 | 0 | |a Computer graphics. | |
| 650 | 0 | |a Computer-aided design. | |
| 650 | 0 | |a Three-dimensional modeling. | |
| 650 | 0 | |a Three-dimensional display systems. | |
| 852 | |a INST |b CHIOS |c EUDOXUS |e 20170627 |h 006.693 ΚΩΣ |p 005200038344 |q 005200038344 |t BK |y 0 | ||
| 852 | |a INST |b SYROS |c EUDOXUS |e 20170427 |h 006.693 ΚΩΣ |p 005500012997 |q 005500012997 |t BK |y 0 | ||
| 920 | |a Εύδοξος |b Παραγγελία |y Χίος-ΤΝΕΥ |z 2017-05 | ||
| 920 | |a Εύδοξος |b Παραγγελία |y Σύρος-ΤΜΣΠΣ |z 2017-04 | ||
| 970 | |a Κοντού |b Παρασκευή |z 27/04/2017 | ||